header

Matrix metalloproteinases in the central nervous system (Record no. 1071)

MARC details
000 -LEADER
fixed length control field 01319nam a2200325Ia 4500
245 00 - TITLE STATEMENT
Title Matrix metalloproteinases in the central nervous system
260 ## - PUBLICATION, DISTRIBUTION, ETC. (IMPRINT)
Place of publication London :
Name of publisher Imperial College Press ;
Place of publication Hackensack, NJ :
Name of publisher Distributed by World Scientific,
Year of publication c2005.
300 ## - PHYSICAL DESCRIPTION
Number of Pages vii, 337 p. :
Other physical details ill.
650 #0 - SUBJECT ADDED ENTRY--TOPICAL TERM
Topical Term Metalloproteinases.
Topical Term Central nervous system.
Topical Term Extracellular matrix proteins.
700 1# - ADDED ENTRY--PERSONAL NAME
Personal name Conant, Katherine.
Personal name Gottschall, Paul E.
856 40 - ELECTRONIC LOCATION AND ACCESS
Uniform Resource Identifier http://site.ebrary.com/lib/rucke/Doc?id=10713364

No items available.

© 2026 Rongo University
Contact us: librarian | system librarian | Rongo university